000
003260000a22001450004500
003
MACL
040
_a
MACL
090
_c
42609
_d
42607
100
_a
Nabhi Publication
245
_a
Handbook of Visa Information
260
_b
Nabhi Publication
_c
2007
350
_a
895
650
_a
Serial Publication
942
_c
BOOK
_k
050/NAB
999
_c
42158
_d
42158